A Magyar Állami Operaház, mint turisztikai vonzerő

Bibliográfiai részletek
Szerző: Papp Lívia
További közreműködők: Horváth Vanda
Dokumentumtípus: Projektmunka
Kulcsszavak:Budapest
kulturális turizmus
Magyarország
operatour
turisztika
Online Access:http://dolgozattar.uni-bge.hu/59682

MARC

LEADER 00000nnm a2200000 i 4500
001 dolg59682
005 20260409145419.0
008 260409suuuu hu o 000 hun d
040 |a BGE Dolgozattár Repozitórium  |b hun 
041 |a hu 
100 1 |a Papp Lívia 
245 1 2 |a A Magyar Állami Operaház, mint turisztikai vonzerő  |c Papp Lívia  |h [elektronikus dokumentum] 
516 |a Project_work 
520 3 |a Projektmunkám fő szempontja, hogy bemutassam a kezdetektől, azaz az Operaház megnyitásától egészen napjainkig tartó jelenlétét nem csak, mint műfaj, hanem mint látványosság is, mely turisták ezreit vonzza országunkba, ezzel is fenntartva a kulturális turizmust.Akár előadóként, akár háttérmunkásként dolgozik valaki, az operaház teret ad az egyéni kreativitás kibontakoztatására. A színpadon megjelenő, sokszor ámulatba ejtő darabokhoz elengedhetetlen a háttér munkálatok elvégzése, melyek éppen annyira fontosak, mint a nagyközönség elé tárt színpadon zajló események. Az operaház nemcsak énekeseknek vagy zenészeknek nyújt munkát, hanem technikai, adminisztratív és háttérszerepekben is számos lehetőséget kínál. 
695 |a Budapest 
695 |a kulturális turizmus 
695 |a Magyarország 
695 |a operatour 
695 |a turisztika 
700 1 |a Horváth Vanda  |e ths 
856 4 0 |u http://dolgozattar.uni-bge.hu/59682/1/PappL%C3%ADvia_BGE%20-%20projektmunka%20-%20turizmus%20M%C3%81O.pdf  |z Dokumentum-elérés 
856 4 0 |u http://dolgozattar.uni-bge.hu/59682/2/B%C3%ADr%C3%A1lati%20lap_FOSZK_PappLivia_HV.pdf  |z Dokumentum-elérés